| 000 | 00532nam a2200193 4500 | ||
|---|---|---|---|
| 003 | OSt | ||
| 005 | 20260601193905.0 | ||
| 008 | 260509b2007 |||a|||| |||| 001 0 eng d | ||
| 040 |
_aICI _bspa _cICI _erda |
||
| 050 |
_aNK1510 _b.C66 |
||
| 100 |
_aIDSA _eautor |
||
| 245 |
_aConnecting´07 _bProgram |
||
| 264 |
_aEstados Unidos de América _bThe icsid/IDSA Word Design Congress _c2007 |
||
| 300 | _a172 páginas | ||
| 336 |
_2rdacontent _atexto |
||
| 337 |
_2rdamedia _asin medio |
||
| 338 |
_2rdacarrier _avolumen |
||
| 942 |
_2lcc _n1 _cB |
||
| 999 |
_c22364 _d22364 |
||